| 000 | 00984nam0a22002411 4500 | ||
|---|---|---|---|
| 001 | rc\726298 | ||
| 005 | 20031121173034.5 | ||
| 035 | _a(NLR Aleph) 005969495 | ||
| 090 |
_a6921945 _c6921945 |
||
| 100 | _a20031121d1997 u |0rusy50 ca | ||
| 101 | 0 | _arus | |
| 102 | _aRU | ||
| 105 | _ay ||||||||| | ||
| 200 | 1 |
_aПодготовка и проведение командно-штабного учения "План" _eМетод. разраб. _fФ.Г. Канцарин, И.Е. Смагин _gМВД Рос. Федерации. Респ. ин-т повышения квалификации работников |
|
| 210 |
_aДомодедово _cРИПК работников МВД России _d1997 |
||
| 215 |
_a25 с. _d20 |
||
| 700 | 1 |
_aКанцарин _bФ. Г. _gФедор Григорьевич |
|
| 701 | 1 |
_aСмагин _bИ. С. _gИван Сергеевич |
|
| 801 | 0 |
_aRU _bNLR _gpsbo |
|
| 801 | 1 |
_aRU _bELAR _2rusmarc |
|
| 852 |
_aNLR _j98-4/7532 |
||
| 942 | _cBOOK | ||
| 980 | _aNB | ||